header

Inter-Korean relations (Record no. 87543)

MARC details
000 -LEADER
fixed length control field 01471nam a2200373Ia 4500
082 04 - DEWEY DECIMAL CLASSIFICATION NUMBER
Classification number 327.519305195
245 00 - TITLE STATEMENT
Title Inter-Korean relations
260 ## - PUBLICATION, DISTRIBUTION, ETC. (IMPRINT)
Place of publication New York :
Name of publisher Palgrave Macmillan,
Year of publication 2004.
300 ## - PHYSICAL DESCRIPTION
Number of Pages xv, 223 p.
650 #0 - SUBJECT ADDED ENTRY--TOPICAL TERM
Topical Term International organization.
700 1# - ADDED ENTRY--PERSONAL NAME
Personal name Kim, Samuel S.,
856 40 - ELECTRONIC LOCATION AND ACCESS
Uniform Resource Identifier http://site.ebrary.com/lib/rucke/Doc?id=10135625

No items available.

© 2026 Rongo University
Contact us: librarian | system librarian | Rongo university